| 000 | 00433 a2200157 4500 | ||
|---|---|---|---|
| 005 | 20260413114958.0 | ||
| 008 | 260410b |||||||| |||| 00| 0 eng d | ||
| 020 | _a9789364872218 | ||
| 080 |
_aFM _bANU/J |
||
| 100 | _aAnujith, Sasidharan | ||
| 245 | _aJayopakhyanam(ജയോപാഖ്യാനം) | ||
| 260 |
_bD C books. _aKottayam. _c2024. |
||
| 300 | _a272p. | ||
| 653 | _aFiction-Novel-Malayalam Literature | ||
| 942 | _cBK | ||
| 999 |
_c115280 _d115279 |
||